LEADER 01112nam a2200253 i 4500 001 000000176804 003 CaOOAMICUS 005 20081222000000.0 008 081222s1982 it u000 u ita u 013 $a154293 040 $aSeMil$bita 100 1 $aFaggiotto, Pietro.$0(OLS)http://semarc/name/6496 245 10$aPer una metafisica dell'esperienza integrale :$bricerche e discussioni /$cPietro Faggiotto. 260 $aRimini :$bMaggioli,$c1982. 300 $a232 p. ;$c24 cm. 490 0 $aStudi di filosofia e storia della filosofia ;$v3 650 4$aMetafisica.$0(OLS)http://semarc/subject/188 650 4$aMetafisica e empirismo.$0(OLS)http://semarc/subject/33719 830 0$aStudi di filosofia e storia della filosofia ;$v3.$0(OLS)http://semarc/title/18200 850 $aSeMil 852 $aSeMil$W1$xVenegono$y1$m2P IV 508$j127624$B127624$CSeMilBibl$Z2$F138116 $81 961 $aAcquisto: Distributore 996 $6245$aPer una metafisica dell'esperienza integrale :$bricerche e discussioni$9(OLS)http://semarc/title/253867 996 $6260$aRimini :$bMaggioli$9(OLS)http://semarc/publisher/33702 LEADER 01324nam a2200301 4500 001 000000353215 003 CaOOAMICUS 005 20230801110327.0 008 230324s2023 it 000 u ita r 020 $a978-88-328-5526-5 040 $aSeMil$bita 100 1 $aMorin, Edgar,$d<1921- >.$0(OLS)http://semarc/name/6559 240 13$aDe guerre en guerre.$0(OLS)http://semarc/title/443222 245 10$aDi guerra in guerra : $bdal 1940 all'Ucraina invasa /$cEdgar Morin ; prefazione di Mauro Ceruti. 264 1$aMilano :$bCortina,$c2023. 300 $a104 p. ;$c18 cm 541 0 $aOmaggio mons. Mario Delpini (3M I 317) 650 4$aGuerra - Aspetti politici e sociali - Sec. 21.$0(OLS)http://semarc/subject/53707 650 4$aGuerre - Europa - Sec. 20.$0(OLS)http://semarc/subject/53706 700 1 $aCeruti, Mauro,$d<1953- >.$0(OLS)http://semarc/name/4313 850 $aSeMil 852 $aSeMil$W1$xVenegono$y1$m3M I 317$j242576$B244437$CSeMilBibl$Z2$F244437 $81 941 1 $a7 961 $aOmaggio mons. Mario Delpini 996 $6020$a978-88-328-5526-5$9(OLS)http://semarc/number/297819 996 $6245$aDi guerra in guerra : $bdal 1940 all'Ucraina invasa$9(OLS)http://semarc/title/443223 996 $6264$aMilano :$bCortina$9(OLS)http://semarc/publisher/43374